000 00436nam a22001697a 4500
003 SGT
020 _a9789354668999
082 _a612.015
_bB24L
100 _aLAL, HARBANS
245 _aBIOCHEMISTRY FOR MEDICAL LABORATORY TECHNOLOGY STUDENTS
250 _a3RD
260 _aINDIA
_bCBS PUB
_c2024
300 _a364
650 _aBIOCHEMISTRY
653 _aBIOCHEMISTRY FOR MEDICAL LABORATORY TECHNOLOGY STUDENTS
942 _2ddc
_cBK
999 _c33658
_d33658